000 01018nam a2200253Ia 4500
003 OSt
005 20220923211144.0
006 a|||||r|||| 00| 0
007 ta
008 220922b |||||||| |||| 00| 0 hin d
020 _a8186684208 (hbk)
_c275
024 _a246,138
037 _b380, 11/02/2011, Swaraj Prakashan
_cTextual
040 _aARTS
_cARTS
_bhin
041 _2hin
_ahin
082 _aV2-3:3(A).N1, 152N8
100 _aदीपक कुमार; चंद्रभूषण, अनु.
_9158843
245 0 _aविज्ञान और भारत में अंग्रेजी राज
_b 1857 - 19 5
246 _aVijnyān aur bhārat mean aangrejī rāja: 1857 - 1905
260 _aनई दिल्ली
_b ग्रंथ शिल्पी
_c1998
300 _a290पृ.
_ccm.
942 _hV2-3:3(A).N1, 152N8
_cTEXL
_2CC
999 _c296048
_d296048